How to Win Friends & Influence People (Record no. 96858)

MARC details
000 -LEADER
fixed length control field 00452nam a2200181Ia 4500
005 - DATE AND TIME OF LATEST TRANSACTION
control field 20251122100607.0
008 - FIXED-LENGTH DATA ELEMENTS--GENERAL INFORMATION
fixed length control field 230125s9999 xx 000 0 und d
020 ## - INTERNATIONAL STANDARD BOOK NUMBER
International Standard Book Number 9788190646604
041 ## - LANGUAGE CODE
Language code of text/sound track or separate title eng
082 ## - DEWEY DECIMAL CLASSIFICATION NUMBER
Classification number 158.1
Item number CAR
100 ## - MAIN ENTRY--PERSONAL NAME
Author Carnegie D
245 ## - TITLE STATEMENT
Title How to Win Friends & Influence People
260 ## - PUBLICATION, DISTRIBUTION, ETC.
Date of publication, distribution, etc. 2011
Name of publisher, distributor, etc. A & A Publishers
Place of publication, distribution, etc. New Delhi
300 ## - PHYSICAL DESCRIPTION
Extent 207p
500 ## - GENERAL NOTE
Keywords Personality Development
700 ## - ADDED ENTRY--PERSONAL NAME
Personal name Carnegie D
942 ## - ADDED ENTRY ELEMENTS (KOHA)
Koha item type Books
Holdings
Withdrawn status Lost status Damaged status Not for loan Home library Current library Date acquired Vendor Net Price Total Checkouts Total Renewals Full call number Barcode Date last seen Date last checked out Actual Price Bill Date Koha item type Original Barcode
        Smt. Hiraben Nanavati Institute of Management & Research for Women Smt. Hiraben Nanavati Institute of Management & Research for Women 24/03/2021 Donated Book- Outside Donar 125.00 11 7 158.1 CAR DB2953 HIMR-DB-2953 16/03/2026 24/02/2026 125.00 25/01/2023 Donated Book DB2953